000 00486nam a2200157 a 4500
005 20140412111233.0
008 010131s19uu xx 00 eng d
020 _a971-511-317-6
050 _aFil E
_bPa11 1993
100 _aBalmes, A. C.
245 _aAng paglalakbay ni Butirik /
_cA. C. Balmes ; illustrated by Kora D. Albano.
260 _a[s.l.] :
_bHiyas Children's Collection,
_c1993.
300 _a1 v. (unp.) ; ill.
650 _aSelf-acceptance -- Fiction
999 _c102299
_d102299